000 00245nam a2200097Ia 4500
001 918304
005 20250826185929.0
008 250824s9999 xx 000 0 und d
245 0 _aKAPALI GİŞE YALNIZLIK
_cSERKAN ÖZEL
260 _bDESTEK YAYINLARI
999 _c918304
_d918304